000 00936nam a2200277 i 4500
003 DO-SdBNP
005 20250901075156.0
007 ta
008 250901b2025 dr ac||| |||| 00| 0 spa d
020 _a789945501957
040 _aDO-SdBNP
_bspa
_cBNPHU
_erda
041 _aspa
082 4 _axxx
_bxxx
_222
100 _aSuárez, Caonabo,
_eautor
_4aut.
_988549
245 1 0 _aTeoría de la antimateria y la gravedad /
_cCaonabo Suárez ; corrección, Francisco Mateo
264 4 _aSanto Domingo :
_bEditora Universitaria, UASD
_c©2025.
300 _a101 páginas :
_bilustraciones, retratos ;
_c22 cm.
336 _atexto
_btxt
_2rdacontent
337 _asin mediación
_bn
_2rdamedia
338 _avolumen
_bnc
_2rdacarrier
500 _aIncluye datos biográficos del autor en la contracubierta
590 _aInventariado, 2025/BT
700 _aPeña, Francisco,
_ecorrector
_4corr.
_988550
910 _aBtavárez
942 _2ddc
_cLBS1
999 _c59848
_d59848